000 00611cam a22002172 4500
001 0000023377
005 20151021151145.0
008 121119s xx 000 0 eng d
020 _a8120321677 :
040 _aKABU
_cKABU
050 0 _aHF1416
_b.K86 2000
100 1 _aKumar, V.
_@0000160928
245 1 0 _aInternational marketing research /
_cV. Kumar.
250 _a1st ed.
260 _aNew Delhi :
_bPHI,
_c2000.
300 _axxx, 448 p.
650 0 _aExport marketing.
_@0000151331
852 1 _9p690 KES
908 _a121119
950 _@1
999 _c1309
_d1309